| Tag |
First Indicator |
Second Indicator |
Subfields |
| LEADER |
00000pam a2200000 a 4500 |
| 001 |
in00000069568 |
| 005 |
20151008054509.0 |
| 008 |
801210s1981 nyu b 00110 engm |
| 010 |
|
|
|a 80029098
|
| 019 |
|
|
|a 7567473
|
| 020 |
|
|
|a 0471084263 :
|c $7.95 (est.)
|
| 035 |
|
|
|a (OCoLC)07174505
|
| 035 |
|
|
|9 AAJ0833AM
|
| 040 |
|
|
|a DLC
|c DLC
|d m.c.
|d TXA
|d UtOrBLW
|
| 049 |
|
|
|a TXAM
|c [1387315]
|
| 050 |
0 |
0 |
|a PN147
|b .W47
|
| 082 |
0 |
|
|a 808/.02
|2 19
|
| 100 |
1 |
|
|a Wilbur, L. Perry.
|
| 245 |
1 |
0 |
|a How to write articles that sell /
|c L. Perry Wilbur.
|
| 264 |
|
1 |
|a New York :
|b Wiley,
|c [1981]
|
| 264 |
|
4 |
|c ©1981
|
| 300 |
|
|
|a vi, 217 pages ;
|c 23 cm.
|
| 336 |
|
|
|a text
|b txt
|2 rdacontent
|
| 337 |
|
|
|a unmediated
|b n
|2 rdamedia
|
| 338 |
|
|
|a volume
|b nc
|2 rdacarrier
|
| 500 |
|
|
|a Includes index.
|
| 504 |
|
|
|a Bibliography: pages 210-211.
|
| 650 |
|
0 |
|a Authorship.
|
| 999 |
|
|
|a MARS
|
| 999 |
f |
f |
|s 2a057bc8-c0a9-3b83-9972-89d3edefcc19
|i dfe246e7-1989-3f78-8cdc-6225ec4d09dc
|t 0
|
| 952 |
f |
f |
|p ric
|a Texas A&M University
|b Rellis Campus
|c Joint Library Facility
|d Remote Storage
|t 0
|e PN147 .W47
|h Library of Congress classification
|i unmediated -- volume
|m A14806177064
|
| 998 |
f |
f |
|a PN147 .W47
|t 0
|l Remote Storage
|